01158 2200229 4500001002100000005001500021035002000036245007700056100002300133300002800156700003100184260002900215082001000244084001600254020001800270650002200288520051400310008004100824990002100865990002100886990002100907INLIS00000000001430120231120104740 a0010-11230000341 aRASA RUMAH :bCita rasa masakan Indonesia = Indonesian cooking made easy0 aMelissa Ann Sugeng a56 hlm.; 25 cm. :bIlus0 aAdryana Putri (Ilustrator) aJakarta :bEsensi,c2019 a641.5 a641.5 MEL r a9786026847805 aMasakan Indonesia aRasa Rumah adalah buku masak yang khusus ditujukan untuk menyederhanakan proses memasak masakan Nusantara. Dibuat bagi para pecinta kuliner Indonesia yang tidak memiliki akses bahan, peralatan memasak, atau waktu yang cukup, semua resep dalam Rasa Rumah dibuat menggunakan bahan-bahan dari swalayan umum. Langkah-langkah pembuatannya pun dirancang seefisien mungkin dengan berbagai kreativitas dan variasi bahan serta proses memasak. Dengan 22 resep masakan Nusantara yang mudah, ayo masak bersama Rasa Rumah!231120 g 0 ind  a023.2455/PC/2023 a023.2456/PC/2023 a023.2457/PC/2023